LEADER 01638oas 2200637 a 450 001 9910140406303321 005 20260218110614.0 035 $a(OCoLC)780065892 035 $a(CONSER) 2012247508 035 $a(CKB)2650000000000048 035 $a(DE-599)ZDB2606445-5 035 $a(DE-599)2606445-5 035 $a(EXLCZ)992650000000000048 100 $a20110209a20109999 uy 101 0 $aeng 135 $aur||||||||||| 181 $ctxt$2rdacontent 182 $cc$2rdamedia 183 $acr$2rdacarrier 200 00$aJournal of computational geometry 210 $a[Ottawa, Ontario, Canada] $c[Carleton University, Computational Geometry Lab] 215 $a1 online resource 311 08$a1920-180X 517 3 $aJoCG 606 $aGeometry$xData processing$vPeriodicals 606 $aComputational Mathematics$2ebps 606 $aGeometry$2ebps 606 $aGeometry$xData processing$2fast$3(OCoLC)fst00940870 608 $aPeriodicals.$2fast 615 0$aGeometry$xData processing 615 7$aComputational Mathematics. 615 7$aGeometry. 615 7$aGeometry$xData processing. 801 0$bAU@ 801 1$bAU@ 801 2$bCOD 801 2$bOCLCQ 801 2$bCUS 801 2$bOCLCF 801 2$bOCLCO 801 2$bCUS 801 2$bOCLCQ 801 2$bWT2 801 2$bOCLCQ 801 2$bAU@ 801 2$bVT2 801 2$bOCLCQ 801 2$bCNMTR 801 2$bOCLCQ 801 2$bSRU 801 2$bBWN 801 2$bOCLCQ 906 $aJOURNAL 912 $a9910140406303321 996 $aJournal of computational geometry$92166756 997 $aUNINA